Ensayo de aproximación al fenómeno de la iberización en las comarcas meridionales de Cataluña / por Enric Sanmartí y Josep Padró
Descripción Física:
p. 157-176 : il. ; 27 cm
Colección:
Monografies ; 54
Materias:
Ibers -- Catalunya
MARC
| LEADER | 00000nam a2200000Ia 4500 | ||
|---|---|---|---|
| 001 | 7820 | ||
| 008 | 160829s1976 - 78 xx 000 0 cat d | ||
| 080 | |a FU-21-40 | ||
| 100 | |a Sanmartí i Grego, Enric |9 19674 | ||
| 245 | |a Ensayo de aproximación al fenómeno de la iberización en las comarcas meridionales de Cataluña / por Enric Sanmartí y Josep Padró | ||
| 260 | |a Barcelona : |b Diputació de Barcelona. Institut de Prehistòria i Arqueologia, |c 1976 - 78 | ||
| 300 | |a p. 157-176 : |b il. ; |c 27 cm | ||
| 490 | |a Monografies ; 54 | ||
| 590 | |a Separata d'Ampurias ; 38-40. | ||
| 590 | |a Simposi Internacional: Els orígens del món ibèric. Barcelona - Empúries, 1977 | ||
| 650 | |a Ibers |x Catalunya |9 32445 | ||
| 700 | |a Institut de Prehistòria i Arqueologia (Barcelona) | ||
| 700 | |a Padró i Parcerisa, Josep |9 20241 | ||
| 901 | |a Arxiu | ||
| 942 | |n 1 | ||
| 952 | |0 0 |1 0 |4 0 |6 FU2140 |7 1 |9 45377 |a Arxiu |b Arxiu |d 2016-12-01 |l 0 |o FU-21-40 |p 7820 |r 2016-12-01 00:00:00 |w 2016-12-01 |y ARXIU | ||
| 999 | |c 48455 |d 48455 | ||